000 00779nam a22002417a 4500
003 DO-SdBNP
005 20221025100332.0
007 ta
008 221006b2021 dr ||||| |||| 00| 0 spa d
020 _a9789945929935
020 _a9788409334827
040 _aDO-SdBNP
_bspa
_cBNPHU
082 4 _a398.961
_bT266c
_222
100 1 _aTejada, Daniel
_976233
245 1 0 _aCápsulas para el asombro /
_cDaniel Tejada ; prólogo Alejandro Arvelo Polanco
260 _aSanto Domingo :
_bUME,
_bSolenodonte,
_c2021.
300 _a105 p. :
_c23 cm.
500 _aIncluye datos biográficos del autor en las solapas
590 _aInventariado, 2022/BT
700 1 _aArvelo Polanco, Alejandro,
_epról.
_972827
910 _aBtavárez/Validado. Control de calidad MFF
942 _2ddc
_cLBS1
999 _c52528
_d52528